Statistiques concernant Culture générale : l'Alsace #3

Cliquez ici pour prendre le quiz!

Statistiques générales

  • Ce quiz a été pris 162 fois
  • Le résultat moyen est 9 sur 15

Statistiques - réponses

QuestionsRéponses% Correct
Numéros de départment du Haut-Rhin68
98%
Dialecte parlé en AlsaceAlsacien
96%
Fruit avec lequel est fait le KirschCerise
90%
Ville Suisse située à la frontière avec l'AlsaceBâle
82%
Village où se situait la plus vieille centrale nucléaire de FranceFessenheim
77%
Patisserie salée traditionelleBretzel
76%
Fête dont Strasbourg est la capitaleNoël
63%
Ancien entraîneur de l'équipe de foot d'Arsenal originaire d'AlsaceArsène Wenger
57%
Surnom donné à une partie centre-ville historique de ColmarLa petite Venise
55%
Autre département français faisant partie de l'Alsace jusqu'en 1871Territoire de Belfort
53%
Ancien gardien de l'équipe de France de HandballThierry Omeyer
53%
Secteur industriel dans lequel Mulhouse s'est spécialiséIndustrie textile
32%
Citez une institution Européenne située a StrasbourgParlement Européen, Cours Européenne des Droits de l'Homme ou Le Conseil de l’Europe
23%
Ressource présente dans le nord de la région découverte en 1740Pétrole
21%
Date de la libération de Strasbourg23 novembre 1944
9%

Distribution des résultats

Percentile par nombre de réponses

% des personnes avec chaque résultat

Votre développement - résultats

Vous n’avez pas pris ce quiz